Languages in Romania - Statistics

General Stats
  • This quiz has been taken 19 times
  • The average score is 3 of 6
Answer Stats
Picture Answer % Correct
Romani
100%
Hungarian
94%
Romanian
75%
Macedonian
38%
Aromanian
31%
Transylvanian
6%
No matching quizzes found
Score Distribution
Percent of People with Each Score
Percentile by Number Answered
Your Score History
You have not taken this quiz